000 00445cam a2200169ua 4500
020 _c8.00
041 _amal
_h
082 _a894.812308
_bSHO/DO
100 _aSholakhov, Michael .
245 _aDon shanthamayozhukunnu /
_cMichael Sholakhov.
_hTextual Documents
260 _aKottayam :
_bSahitya Pravarthaka Co-operative Society ,
_c1966.
300 _a629 ; .
365 _a8.00
504 _a
942 _cBK
999 _c6496
_d6496